[Event "Olympiad-38"]
[Site "Dresden"]
[Date "2008.11.20"]
[Round "7"]
[White "Postny, Evgeny"]
[Black "Illescas Cordoba, Miguel"]
[Result "1-0"]
[WhiteElo "2674"]
[BlackElo "2604"]
[Annotator "Postny,E"]
[PlyCount "127"]
[EventDate "2008.11.13"]
[EventType "team-swiss"]
[EventRounds "11"]
[EventCountry "GER"]
[SourceTitle "CBM 128"]
[Source "ChessBase"]
[SourceDate "2009.01.28"]
[SourceVersion "1"]
[SourceVersionDate "2009.01.28"]
[SourceQuality "1"]
[WhiteTeam "Israel"]
[BlackTeam "Spain"]
[WhiteTeamCountry "ISR"]
[BlackTeamCountry "ESP"]

1. d4 Nf6 2. c4 e6 3. Nf3 d5 4. g3 dxc4 5. Bg2 c5 6. O-O Nc6 7. Qa4 cxd4 ({
Another line, which is common nowadays, is} 7... Bd7 8. Qxc4 cxd4 (8... b5 $5 {
has appeared as well.}) 9. Nxd4 Rc8 {where Black tries to move all his pieces
out of the h1-a8 diagonal.}) 8. Nxd4 Qxd4 9. Bxc6+ Bd7 10. Rd1 Qxd1+ {I am
somewhat sceptical about this whole idea of giving up the queen right in the
opening. However, numerous strong players do like the resulting positions.} ({
Should Black refuse to give up his queen, then after} 10... Bxc6 11. Qxc6+ bxc6
12. Rxd4 {he will face a long torture in the endgame due to his queenside pawn
weaknesses.}) 11. Qxd1 Bxc6 {At the moment Black has sufficient material
compensation for the queen. However, the Pc4 will soon be captured.} 12. Nd2 (
12. Qc2 {is a worthy alternative but, for some reason, the move in the text
has much better statistics for White.}) 12... Rd8 {This move has appeared in
practice only few times. Usually Black tries either to exchange as many
queenside pawns as possible, or to spoil his opponent's pawn structure. In
both cases Black's chances for a draw are quite reasonable. Still, I would
prefer to play with a queen.} (12... c3 13. bxc3 Bc5 14. Nb3 Rd8 15. Qe1 Be7
16. Be3 b6 17. a4 Bd5 18. Nd4 O-O 19. f3 Rd7 20. a5 $14 {1/2-1/2 Nikolaidis,I 
(2524)-Bojkov,D (2411)/Istanbul 2001/CBM 085 ext (25)}) (12... b5 13. a4 Be7
14. axb5 Bxb5 15. Nxc4 O-O 16. b3 $14 {1/2-1/2 Van Wely,L (2644)-L'Ami,E (2610)
/London ENG 2008/The Week in Chess 719 (21)}) 13. Qc2 a6 $5 $146 {This came as
a surprise to me. Obviously, the Spanish grandmaster had prepared this
beforehand, as he made this move instantly.} (13... Bc5 $6 14. Nxc4 Ne4 15. Ne5
$1 Bd5 (15... Bxf2+ 16. Kf1 Bd5 17. Qa4+ Ke7 18. e3 {[%csl Rf2][%cal Ge5d3,
Ge5g4] trapping the bishop.}) 16. Qa4+ Ke7 17. Nd3 Bc6 18. Qc2 Bb6 19. b3 $16 {
1-0 Ganguly,S (2300)-Bokros,A (2365)/Budapest 1998/EXT 1999 (33)}) ({An
aggressive attempt} 13... h5 $6 {can be parried at least by} 14. h3 ({But not} 
14. Nxc4 $6 h4 15. Ne5 hxg3 16. fxg3 $2 Bc5+ $1 17. Qxc5 $2 Rd1+ 18. Kf2 Ne4+
$19) 14... h4 15. g4 $16) 14. Qxc4 Be7 (14... Bb5 15. Qb3 Bxe2 16. Qxb7 {
is clearly in White's favour. In general, every tactical melee that may arise
should be in favour of the side with the queen. Black is interested in keeping
the pawn structure symmetrical.}) 15. Nf1 O-O 16. Bf4 Rd7 {This looks like the
most logical plan that Black can adopt - to double the rooks along the d-file.}
17. Rc1 Rfd8 18. Qb3 Bb5 {[%csl Re2]} 19. Qf3 (19. Ne3 $6 Bxe2 20. Bc7 Rf8 $1
21. Qxb7 Ne8 22. Qc8 Nf6 23. Qb7 Ne8 $11) 19... Nd5 20. Be5 Bf8 21. Qg4 $6 {
Inaccuracy.} (21. a3 $1 {I should cover the b4 square against the knight move.}
) 21... Nb4 $1 {Miguel Illescas quickly spots the opportunity to transfer the
knight to d4 by tempting moves.} 22. a3 Nc6 23. Bc3 (23. Bf6 Nd4 (23... Bxe2
24. Qxe2 gxf6 {is perfecly playable for Black as well.}) 24. Bxd4 Rxd4 {
would lead to the same position.}) 23... Nd4 24. Bxd4 Rxd4 25. Qf3 Bc6 26. Qb3
(26. Rxc6 $2 bxc6 27. Qxc6 {in my opinion is not an option to consider.}) 26...
g6 {White's advantage is marginal. Black's rooks and bishops are well
coordinated and has no weaknesses at all.} 27. f3 Bb5 28. Kf2 b6 29. Ke1 Bc5 {
[%cal Gb5a4]} 30. Ne3 {At this stage of the game I had to be careful not to
get suddenly mated.} Ba4 31. Qc3 a5 32. Kf1 Bb5 (32... h5 $6 33. Nc4 Bb5 34.
Qb3 {[%csl Rb5,Rb6]}) 33. Ng4 {Now the matters becoming sharp.} Rd1+ (33... f5
$1 34. Ne3 (34. Qb3 fxg4 35. Qxe6+ (35. Qxb5 $4 Rd1+ 36. Rxd1 Rxd1+ 37. Kg2
Rg1#) 35... Kg7 36. Rxc5 Rd1+ 37. Kg2 gxf3+ 38. Kf2 $1 bxc5 39. Qe7+ Kh6 40.
Qh4+ $11) 34... Kf7 {Here it would be difficult for White to achieve any
progress; Black's pieces are very active.}) 34. Kg2 Rxc1 $2 {Naturally, a
human player wants to distract White's queen from the diagonal a1-h8.} (34...
Bxe2 $1 35. Nf6+ Kf8 (35... Kg7 $2 36. Ne4+ Bd4 37. Rxd1 Bxd1 38. Qc7 $16) 36.
Nxh7+ Kg8 37. Nf6+ Kf8 38. Rxd1 Rxd1 39. Kh3 Bf1+ 40. Kg4 Rd3 41. Qe5 Be7 {
The engine evaluation still favours White. However, from the human point of
view it looks rather unclear as White's king might be in danger.}) 35. Qxc1
Bxe2 {[%tqu "En","White has numerous promising continuations. Which one should
he go for?","","","c1f4","It appears that Black is not able to parry all the
threats in a satisfactory way. More proof that a queen in coordination with a
knight is a dangerous tandem!",5]} 36. Qf4 $1 $18 {It appears that Black is
not able to parry all the threats in a satisfactory way. More proof that a
queen in coordination with a knight is a dangerous tandem!} Rd1 $8 (36... f5
37. Nh6+ Kf8 38. Qc7 $18) (36... Kf8 37. Ne5 f5 38. b4 axb4 39. axb4 Bd6 40.
Qh4 Ke8 41. Qf6 Bxe5 42. Qxe6+ Kf8 43. Qxe5 $18) 37. Nh6+ Kg7 38. Qxf7+ {
Before capturing the bishop I can get the valuable pawn.} Kxh6 39. Qf4+ Kg7 40.
Qe5+ Kf7 41. Qxe2 Rd4 {The endgame is won for White, though some technique
required.} 42. Qe5 h5 43. h4 Rd2+ 44. Kh3 Bd6 45. Qc3 Rd5 46. Qe3 Bc5 47. Qf4+
Kg7 48. Qc7+ Kf6 $6 (48... Kg8 {is more stubborn.} {Here after} 49. f4 $3 {
Black is in zugzwang. For instance:} (49. g4 {should be good enough as well.})
49... Rd4 (49... Rf5 50. Qd7 Rf6 51. Kg2 $18 {[%cal Gg2f3,Gf3e4,Ge4e5]}) (49...
a4 50. Qb8+ Kh7 51. Qa7+ Kg8 52. Qxa4 $18) 50. b4 $1 axb4 51. axb4 Rxb4 (51...
Bxb4 52. Qxb6 Re4 53. Qb8+ Bf8 54. Qb1 $18 {[%cal Gb1g6]}) 52. Qd7 Kf8 53. Qxe6
Kg7 54. f5 gxf5 55. Qxf5 $18 {[%csl Rh5]}) 49. b4 $1 axb4 50. axb4 Bd4 (50...
Be3 51. g4 hxg4+ 52. fxg4 g5 53. h5 Bf4 {[%cal Gd5d2,Gd2h2]} 54. Qc3+ Kf7 55.
Kg2 $18) 51. Qf4+ $4 {I can't remember the last time when I gave such a stupid
check!} (51. g4 {[%cal Gg4g5]} hxg4+ 52. fxg4 g5 53. h5 Be5 54. Qh7 $18 {
was winning easily.}) 51... Ke7 52. Qe4 Kf7 53. g4 b5 54. Qf4+ Kg8 $4 {
Returning the favour.} (54... Bf6 $1 55. g5 Rf5 56. Qc7+ Be7 {This looks like
a fortress.}) 55. Qb8+ {Now it's again won for White.} Kh7 (55... Kf7 56. Qc7+
Kf8 (56... Kg8 57. Qe7 $18) 57. Qh7 $18) 56. Qe8 Bg7 57. Qxe6 hxg4+ 58. fxg4
Rd3+ 59. Kg2 Rd4 60. h5 gxh5 61. Qf5+ Kg8 62. g5 {The pawn assists the queen
to create a mating net.} Rxb4 63. g6 Rb2+ 64. Kf1 1-0

[Event "FRA-chT Top 12"]
[Site "Belfort"]
[Date "2012.06.05"]
[Round "6.2"]
[White "Postny, Evgeny"]
[Black "Naiditsch, Arkadij"]
[Result "1-0"]
[WhiteElo "2651"]
[BlackElo "2698"]
[Annotator "Postny,E"]
[PlyCount "121"]
[EventDate "2012.05.31"]
[EventType "team-tourn"]
[EventRounds "11"]
[EventCountry "FRA"]
[SourceTitle "CBM 149"]
[Source "ChessBase"]
[SourceDate "2012.07.17"]
[SourceVersion "1"]
[SourceVersionDate "2012.07.17"]
[SourceQuality "1"]
[WhiteTeam "Metz Fischer"]
[BlackTeam "Marseille Echecs"]
[WhiteTeamCountry "FRA"]
[BlackTeamCountry "FRA"]

1. d4 Nf6 2. c4 e6 3. Nf3 d5 4. g3 dxc4 5. Bg2 Bd7 {This came as a surprise,
but this move is also playable as are many others.} 6. Nbd2 {I knew the main
continuation 6.Ne5, but was concerned about facing some deep preparation. So,
I decided to go for a less common move, even though that was the only thing I
knew about 6.Nbd2.} Bb4 7. O-O c3 $6 {Principled, but very risky as White gets
now a big lead in development.} (7... Bxd2 {is a safer option for Black.} 8.
Bxd2 Bc6 9. Qc2 b5 (9... Be4 10. Qxc4 Nc6 11. Rfd1 O-O 12. Bg5 $14 {1/2-1/2
Kozul,Z (2490)-Abramovic,B (2485)/Kladovo 1989/EXT 2009 (40)}) 10. Bg5 Nbd7 11.
b3 Nb6 $6 (11... Be4 12. Qc1 cxb3 13. axb3 O-O $13) 12. Bxf6 Qxf6 13. a4 $14 {
1-0 Kozul,Z (2490)-Abramovic,B (2485)/Yugoslavia 1989/CBM 013 (58)}) 8. bxc3
Bxc3 9. Rb1 Bxd2 {Otherwise, after Nd2-c4 the bishop might be trapped.} 10.
Nxd2 $6 {Too soft. I shouldn't hurry to win the Pb7, playing for the
initiative was more promising.} (10. Qxd2 $1 Bc6 (10... Ne4 $2 11. Qc2 Nd6 12.
Ne5 O-O 13. Rxb7 $18) 11. Ba3 Nbd7 12. Rfc1 $16 {All White's pieces are
developed, while Black's king is stuck in the centre.}) 10... Bc6 11. Bxc6+
Nxc6 12. Rxb7 O-O (12... Nxd4 $2 13. Ba3 {[%csl Re8] is just bad for Black.}) (
12... Qc8 {was a possible alternative.} 13. Rb2 $1 (13. Rb1 Qa6 {[%csl Ra2]})
13... Qa6 14. Nb3 O-O 15. Nc5 Qc4 16. e3 $14) 13. Ba3 Qc8 $6 (13... Re8 14. Nf3
Qc8 15. Qb1 Nd5 {Threatening 16...Nb6 trapping the rook.} {After} 16. Rb3 {
White still enjoys a comfortable advantage.}) 14. Rb3 $6 {I thought that the
rook on b7 is no longer useful and even in danger of being trapped. The
position is concrete, however, and quickly bringing the other rook to c1 could
create heavy pressure on the queenside.} (14. Qb1 $1 Re8 (14... Nxd4 15. Bxf8
Nxe2+ 16. Kg2 Kxf8 (16... Nc3 17. Qb3 Kxf8 18. Rc1 Ncd5 19. Qa3+ Kg8 20. Rxa7
$18) 17. Qb2 $16) (14... Rd8 15. Rc1 Rb8 16. Rxb8 Nxb8 17. e3 $16) 15. Rc1 Rb8
16. Rxb8 Nxb8 17. Qb5 $16) 14... Rd8 {Here Arkadij offered a draw. I had the
feeling that I had spoiled a part of my advantage, but still considered my
position promising enough to continue the fight.} (14... Nxd4 $6 15. Bxf8 Nxb3
16. Bxg7 $1 Kxg7 (16... Nxd2 17. Qxd2 Kxg7 18. Qg5+ Kf8 19. Qxf6 $18) 17. Nxb3
$16 {I saw this line which inspired me to play 14.Rb3.}) 15. e3 e5 (15... Qa6
16. Qc2 $16) 16. Qc2 Qa6 $1 {The only reasonable way to protect the knight.} (
16... Qe6 $2 17. Rc1 $18) 17. Rc1 Na5 18. Qd3 Qe6 $1 {Black correctly avoids
the exchange of queens, at least until it's possible.} (18... Qxd3 19. Rxd3
exd4 20. Be7 Re8 21. Bxf6 dxe3 22. Bc3 (22. Rxe3 Rxe3 23. fxe3 gxf6 24. Rxc7 {
[%csl Ra5] is also good, but less convincing.}) 22... exd2 23. Bxd2 Nb7 24.
Rxc7 Nd8 25. Rdd7 {with complete domination.}) 19. Rb5 exd4 20. e4 $1 (20. exd4
Nc6 21. Nf3 Qd7 22. Rb7 Rab8 23. Rxb8 Rxb8 24. Qc4 Rb6 {During the game I
thought that White doesn't have much here.}) 20... Nc6 21. Qc4 Qxc4 $6 {
The exchange of queens is inevitable, but this version is the best for White.}
(21... a6 $1 22. Qxe6 fxe6 23. Rb7 (23. Rb3 $2 Na7 $1 $13 {[%cal Ga7b5]}) 23...
Ra7 24. Rb3 Ne5 25. f4 Ned7 26. e5 Nd5 27. Rc6 {White has more than sufficient
compensation for the pawn, but here Black has some chances for a counterplay.})
22. Rxc4 a6 23. Rg5 $1 {This move is superior to 23.Rf5 as it's useful to
provoke the move that now follows.} h6 24. Rf5 Na7 25. Be7 Rd7 26. Bxf6 gxf6
27. Rxf6 {[%csl Ra6,Rh6] The point of 23.Rg5 is now clear, both pawns are
hanging.} Nb5 (27... Rb8 28. Rxa6 Rb2 29. Rxa7 Rxd2 30. Rcxc7 Rxc7 31. Rxc7
Rxa2 32. Rd7 {with a won endgame.}) 28. Rxh6 Nc3 29. Nb3 Nxe4 30. Rxd4 {
I was choosing between the move in the text and 30.Rh4. Perhaps the latter was
more convincing, but I didn't see the tactical trick.} (30. Rh4 Re8 31. Nxd4
Nd2 32. Rc5 $1 {This is the trick and not a piece blunder.} Rxd4 33. Rg5+ Kf8
34. Rh8+ Ke7 35. Re5+ Kf6 36. Rexe8 $18) 30... Rxd4 31. Nxd4 c5 (31... Rd8 32.
Nf3 Rd3 33. Rh4 Nd6 34. Ne5 Ra3 35. Nc4 Rxa2 36. Nxd6 cxd6 37. Rd4 $18 {
The same rooks ending arose in the game later on.}) 32. Nf5 Rb8 33. Ne7+ {
Gaining a minute in time-trouble is always recommended.} Kg7 34. Nf5+ Kg8 35.
Rh4 (35. Rxa6 $2 Rb2 {[%csl Rf2] gives Black unnecessary counterchances.})
35... Nd2 36. Rg4+ ({The immediate} 36. Ra4 {was good enough as well.}) 36...
Kf8 37. Ra4 Rb6 38. Ne3 Nf3+ (38... Rc6 39. Nc4 Nxc4 40. Rxc4 $18) 39. Kg2 Ne1+
40. Kf1 Nd3 41. Ke2 Ne5 42. Nc4 {The most practical decision. The resulting
rook endgame is won.} Nxc4 43. Rxc4 Rb2+ 44. Ke3 Rxa2 45. Rxc5 a5 46. h4 a4 47.
Ra5 a3 48. g4 {I just have to keep the f-pawn on its initial square, not
allowing moves like Ra2-h2 or Ra2-g2.} Kg7 49. Ra6 Kh7 (49... Ra1 50. h5 a2 51.
Kf4 $18 {The point is that if Black plays Ra1-f1, then I take the pawn,
protecting the Pf2 at the same time.}) 50. Kf3 Kg7 51. Kg3 Kh7 52. h5 Kg7 53.
g5 {White's majority on the kingside decides.} Kg8 54. Ra8+ Kg7 (54... Kh7 55.
Ra7 Kg8 56. h6 Ra1 57. Kf4 $18 {[%cal Gf4f5,Gf5f6]}) 55. h6+ Kh7 56. Rf8 Ra1
57. Rxf7+ Kg6 58. Rg7+ Kf5 59. Kg2 Rb1 (59... a2 60. Ra7 Rc1 61. h7 Rc8 62. f4
$1 Rh8 63. Kf3 Rxh7 64. Ra5+ Kg6 65. Rxa2 $18) 60. h7 a2 61. h8=Q (61. h8=Q
a1=Q 62. Qf8+ Ke4 63. Re7+ {and Black's king will be mated very soon.}) 1-0

[Event "POL-chT 66th"]
[Site "Katowice"]
[Date "2010.09.10"]
[Round "7"]
[White "Dziuba, Marcin"]
[Black "Bartel, Mateusz"]
[Result "0-1"]
[WhiteElo "2579"]
[BlackElo "2599"]
[Annotator "Primel,D"]
[PlyCount "148"]
[EventDate "2010.09.04"]
[EventType "team-tourn"]
[EventRounds "9"]
[EventCountry "POL"]
[SourceTitle "EXT 2016"]
[Source "ChessBase"]
[SourceDate "2015.10.08"]
[SourceVersion "1"]
[SourceVersionDate "2015.10.08"]
[SourceQuality "1"]
[WhiteTeam "Lublin"]
[BlackTeam "Wroclaw Polonia"]
[WhiteTeamCountry "POL"]
[BlackTeamCountry "POL"]

1. d4 Nf6 2. c4 e6 3. g3 d5 4. Bg2 dxc4 5. Nf3 c5 (5... Nc6) (5... a6) 6. O-O
Nc6 7. Qa4 (7. Ne5 {L'alternative} Bd7 8. Na3 cxd4 9. Naxc4 {Kasparov,G (2715)
-Andersson,U (2575) Belgrade m 1985 (3) 1-0}) 7... Bd7 8. Qxc4 cxd4 (8... b5 {
La grande ligne donne un développement rapide de l'aile-dame pour les Noirs}
9. Qd3 Rc8) 9. Nxd4 Rc8 10. Nc3 Nxd4 11. Qxd4 Bc5 12. Qh4 O-O (12... Bc6 13.
Rd1 $14) 13. Bxb7 (13. Bg5 h6 14. Bxf6 Qxf6 15. Qxf6 gxf6 16. Bxb7 Rb8 17. Bf3
Rxb2 18. Rfd1 Be8 19. Ne4 Be7 20. Rab1 Rxb1 21. Rxb1 f5 22. Nd2 Bc5 23. Rc1 Bb6
24. Bc6 Bxc6 25. Rxc6 Rd8 26. Nc4 Rd1+ 27. Kg2 Ra1 28. Nxb6 axb6 29. Rxb6 Rxa2
30. e3 Kg7 {1/2-1/2 (30) Alekseev,E (2662)-Moiseenko,A (2726) Saratov 2011})
13... Rb8 14. Bg2 (14. Bf3 Rb4 15. Qg5 Bd4 16. Qd2 Qc7 17. Nd1 Rfb8 18. a3 Rc4
19. Ne3 Ra4 {Kramnik,V (2790)-Naiditsch,A (2684) Dortmund SuperGM 38th 2010 (5)
1-0} (19... Bxe3 20. Qxe3 e5 {Une amélioration proposée par le GMI MARIN et
reprise par B AVRUKH dans sa monographie sur la Catalane} 21. b4 {[%csl Rc3]}
Rc3 22. Qd2 Re8 23. Bg2)) 14... Rb4 15. Qg5 Bd4 16. Qd2 Qc7 17. Nd1 $146 {
[%cal Gd1e3,Gd1b2] Une nouveauté mais c'est une manoeuvre thématique dans
cette variante c5} (17. e3 Be5 18. f4 Bxc3 19. bxc3 Rc4 20. Ba3 Re8 21. Bd6 Qc8
22. Be5 Bc6 23. Rfb1 Bxg2 24. Rb8 Qc6 25. Rxe8+ Qxe8 26. Qxg2 Nd5 27. Rb1 f6
28. Rb8 Rc8 29. Rxc8 Qxc8 30. Bd4 Qc4 31. Qc2 a5 32. e4 Ne7 33. Qb3 Qc6 34. f5
Qxe4 35. Qxe6+ Qxe6 36. fxe6 Kf8 37. Kf2 Nd5 38. c4 Nb4 39. Bc5+ Ke8 40. Bxb4
axb4 41. Ke3 Ke7 42. Kd4 Kxe6 43. Kc5 {1-0 (43) Kraemer,M (2482)-Von Herman,U 
(2424) Germany 2010}) 17... Rfb8 $32 18. Rb1 Be5 $1 {[%csl Rd2][%cal Gb4d4] Il
faut tenter de profiter de la petite avance de développement} 19. Ne3 Rd4 20.
Qc2 {Mettant en évidence l'intérêt du coup Ne3} Qxc2 21. Nxc2 Rc4 $1 {
L'échange des Q n'a pas résolu tous les problèmes des Blancs} 22. Ne1 Nd5 {
Dissuade les Blancs de vouloir pousser b3} 23. Nd3 (23. b3 {[%csl Rc3]} Nc3 24.
Nd3 $13 {[%cal Gc3e2,Gc3b1]}) 23... Bf6 24. Bxd5 {Un crève-coeur pour un
joueur de Catalane et la variante 24.b3 semblait plus simple à jouer.} (24. b3
$5 Rc2 25. Bb2 {Pouvait conduire à une simplification} Nc3 26. Bxc3 Bxc3 {
[%csl Gc3]} 27. Rfc1 Rxc1+ 28. Rxc1 Bf6 (28... Rc8 {[%csl Rc3]}) 29. Rc7) 24...
exd5 25. Be3 d4 (25... Rc2 26. Bxa7 Ra8 $132 {[%cal Ga8a2]}) 26. Rfc1 $6 (26.
Rbc1 {L'éternel problème de la bonne R à jouer.} Rxc1 27. Bxc1 $11 {Le
P"d4" fait pression sur le P arrièéré e2 mais il risque aussi de gêner le
Bf6 et la position est relativement équilibrée} Re8 28. Re1 {C'est la
différence entre les deux variantes}) 26... Rxc1+ 27. Bxc1 {[%csl Rb1]} Re8 $1
{Les Blancs ne peuvent plus jouer Re1 contrairement à la variante} 28. b3 (28.
Kf1 Bh3+ 29. Ke1 Bg4 $36 30. f3 Bxf3) 28... Rxe2 29. Rb2 Re8 30. Rd2 Bf5 {
La paire de B commence à s'activer et les Blancs n'ont pas de compensations}
31. Bb2 g5 32. f4 Re3 33. Nf2 (33. Nb4) 33... gxf4 34. gxf4 Rc3 $1 35. Nd1 {
La qualité est imprenable} Bg6 {[%csl Rd1][%cal Gg6h5]} 36. f5 Bxf5 37. Nxc3
dxc3 38. Rg2+ Kh8 (38... Bg6 39. Bc1) (38... Kf8 39. Ba3+ Ke8) 39. Ba1 Bd4+ $1
{[%csl Gc3,Gd4,Gf5]} 40. Rf2 Bh3 41. Bxc3 Bxc3 42. Rxf7 Bd4+ {[%csl Rg1]} 43.
Kh1 Be6 44. Rf8+ Kg7 45. Rd8 Bb6 $13 {Une finale complexe car la R est assez
active} 46. Rd6 Kf6 47. Kg2 h5 $1 {[%csl Rh2][%cal Gh5h3] Les Noirs trouvent
un plan très fort} 48. Rd2 h4 {[%cal Gh4h3]} 49. h3 {Empêche la fixation de
la faiblesse mais au détriment d'un affaiblissement de la case "g3" et le Be6
fait pression sur le P"h3"} (49. Rc2 $6 h3+ $36) 49... Bc5 50. Rd8 Kg5 51. Kh2
Bb6 52. Rf8 Bc5 53. Rd8 Bf5 54. Rd5 Bb6 55. Rb5 Bc7+ $1 {[%cal Gc7g3]} 56. Kg2
Kf4 $1 $17 {[%csl Gf4,Rg2] Les Noirs ont progressé} (56... Bg3 $143 57. Ra5)
57. Rb4+ Be4+ 58. Kf2 Bb6+ $1 {[%csl Rh3] Force le K Blanc à s'éloigner de
la protection de la faiblesse "h3"} 59. Ke2 Ke5 60. Rb5+ Bd5 61. Rb4 Bd4 $1 {
[%cal Gd4a7,Ge5e4] Continuant de restreindre le rayon d'action de la R et la
technique des Noirs fait forte impression} 62. Kf1 {[%csl Rf1] Avec un K aussi
mal placé, la position Blanche devient très critique} Ke4 63. Ra4 Bc6 64. Rb4
a5 $1 $40 65. Rb8 Kf3 $1 {[%csl Rh3][%cal Gf3g3]} (65... a4 $143 66. bxa4) 66.
Rg8 Bd7 {[%cal Gd7h3] La faiblesse tombe} 67. Rf8+ Kg3 68. Rg8+ Kxh3 $19 69.
Rg5 Bg4 (69... Kh2 70. Rg2+ Kh1 71. Rg5 Bh3+ 72. Ke2) 70. Rd5 Bb6 71. Rb5 Bc7
72. Rc5 Bf4 73. Rc4 (73. Rxa5 Kg3 {[%cal Gh4h1]} 74. Kg1 h3) 73... Kg3 {
[%cal Gh4h1]} 74. b4 h3 0-1